Normal view
MARC view
- Workshops
Entry Topical Term
001 - CONTROL NUMBER
- control field: 113854
003 - CONTROL NUMBER IDENTIFIER
- control field: NUST
005 - DATE AND TIME OF LATEST TRANSACTION
- control field: 20230727095740.0
008 - FIXED-LENGTH DATA ELEMENTS
- fixed length control field: 230727|| aca||aabn | a|a d
040 ## - CATALOGING SOURCE
- Original cataloging agency: NUST
- Transcribing agency: NUST
150 ## - HEADING--TOPICAL TERM
- Topical term or geographic name entry element: Workshops
- Topical term or geographic name entry element: Machine-shop practice
670 ## - SOURCE DATA FOUND
- Source citation: Work cat.: (NUST)587819: Hassan, M Naweed 88941, Introduction to Workshop Technology /, 2019.
